El Grande de España (Record no. 122357)

MARC details
000 -LEADER
campo de control de longitud fija 00772nam a2200193 i 4500
001 - NÚMERO DE CONTROL
campo de control 122357
003 - IDENTIFICADOR DE NÚMERO DE CONTROL
campo de control ES-MaACL
005 - FECHA Y HORA DE LA ÚLTIMA TRANSACCIÓN
campo de control 20231222191258.0
007 - CAMPO FIJO DE DESCRIPCIÓN FÍSICA--INFORMACIÓN GENERAL
campo de control de longitud fija t|
008 - DATOS DE LONGITUD FIJA--INFORMACIÓN GENERAL
campo de control de longitud fija 070214s1958 sp r ||||1| spa d
100 0# - ENTRADA PRINCIPAL--NOMBRE DE PERSONA
Nombre de persona Prieto y Llovera, Patricio.
9 (RLIN) 93951
245 13 - MENCIÓN DEL TÍTULO
Título El Grande de España
Resto del título : Capitán General Castaños, primer Duque de Bailén y primer Marqués de Portugalete (1758 - 1852) /
Mención de responsabilidad, etc. Patricio Pietro Llovera.
260 ## - PUBLICACIÓN, DISTRIBUCIÓN, ETC.
Lugar de publicación, distribución, etc. Madrid :
Nombre del editor, distribuidor, etc. Diputación Permanente y Consejo de la Grandeza de España,
Fecha de publicación, distribución, etc. 1958.
300 ## - DESCRIPCIÓN FÍSICA
Extensión 206 p., 4 lám. ;
Dimensiones 24 cm.
600 14 - PUNTO DE ACCESO ADICIONAL DE MATERIA--NOMBRE DE PERSONA
Nombre de persona Castaños, Francisco Javier,
Fechas asociadas al nombre 1758-1852
9 (RLIN) 157491
710 2# - ENTRADA AGREGADA--NOMBRE DE ENTIDAD CORPORATIVA
Nombre de entidad corporativa o nombre de jurisdicción como elemento de entrada Diputación Permanente y Consejo de la Grandeza de España.
9 (RLIN) 3393
852 ## - LOCALIZACIÓN
Ubicación ES-MaACL
Número de control de estantería C-14188
Sublocalización o colección R.42143
Holdings
Estatus retirado Estado de pérdida Estado de daño No para préstamo Biblioteca de origen Biblioteca actual Ubicación en estantería Fecha de adquisición Fuente de adquisición Total de préstamos Signatura topográfica completa Código de barras Visto por última vez Precio de reemplazo Tipo de ítem Koha
        Biblioteca del Ateneo de Madrid Biblioteca del Ateneo de Madrid Sala Palomar 17/01/2008     C-14188 1127501 23/02/2023 23/02/2023 Libro impreso